Vplyv daní a odvodov na nákladovosť výrobkov a hospodársky výsledok podniku diplomová práca

Gespeichert in:
Bibliographische Detailangaben
1. Verfasser: Bugeľ, Tomáš
Körperschaft: Fakulta podnikového manažmentu EU. Katedra podnikovohospodárska
Weitere Verfasser: Foltínová, Alžbeta
Format: Buch
Sprache:Slowakisch
Veröffentlicht: Bratislava 2011
Tags: Tag hinzufügen
Keine Tags, Fügen Sie das erste Tag hinzu!

MARC

LEADER 00000nbm a2200000 4500
001 0131583
005 20161109101716.5
041 0 |a slo 
044 |a SK 
245 1 0 |a Vplyv daní a odvodov na nákladovosť výrobkov a hospodársky výsledok podniku  |b diplomová práca  |c Tomáš Bugeľ ; školiteľ: Alžbeta Foltínová 
264 1 |a Bratislava  |c 2011 
300 |a 62 s. 
100 1 |a Bugeľ, Tomáš 
700 1 |a Foltínová, Alžbeta 
710 2 |a Fakulta podnikového manažmentu EU. Katedra podnikovohospodárska